000 00304nam a2200133Ia 4500
005 20251222143133.0
008 251222s9999||||xx |||||||||||||| ||spa||
020 _a84-7490-352-1
082 _a828.8/L54H
100 _aLewis, C.S.
245 0 _aEsa Horrible Fuerza
264 _bEncuentro
942 _cLIB
999 _c12011
_d12011